00923nam a22002417a 45000010005000000030006000050050017000110080041000280200018000690400029000870500015001160820008001311000021001392450077001602600036002373000044002735050008003175200260003255210020005855210020006056500022006257000034006473759FISKH20240430111815.0240430b cb ||||| |||| 00| 0 eng d a9780545140201 aFISKHbengcFISKHdFISKH aPZ7.H35885 a479 aNelson, Marilyn  aPemba's song : bA ghost story /cby Marilyn Nelson and Tonya C.Hegamin  aNew York : bScholastic ,c2008 a109 pages : billustrations ;c20 cm .  aR  aAs fifteen-year-old Pemba adjusts to leaving her Brooklyn, New York, home for small-town Connecticut, a Black history researcher helps her understand the paranormal experiences drawing her into the life of a mulatto girl who was once a slave in her house.8 a730 bLexile 8 aR bRaz-Plus  aghosts vfiction  aHegamin, Tonya eillustrator